Comuni della provincia di Vicenza (con mappa) - Statistics

Statistiche generali
  • Questo quiz è stato fatto 133 volte
  • Il punteggio medio è 60 su 113
Risposte nella Mappa
Le risposte nella mappa del quiz sottostante sono codificate secondo una scala di colori dal rosso al verde in base alla % di persone che hanno risposto correttamente.
 
Statistiche sulle risposte
Comuni di Vicenza % Corretto
Vicenza
95%
Asiago
88%
Bassano del Grappa
85%
Schio
83%
Thiene
82%
Marostica
80%
Arzignano
80%
Altavilla Vicentina
76%
Nove
74%
Dueville
71%
Rosà
70%
Valdagno
70%
Montecchio Maggiore
70%
Malo
70%
Piovene Rocchette
68%
Arcugnano
68%
Roana
68%
Torri di Quartesolo
67%
Bolzano Vicentino
67%
Valli del Pasubio
67%
Gallio
67%
Caldogno
65%
Breganze
65%
Lonigo
64%
Romano d'Ezzelino
62%
Camisano Vicentino
62%
Sandrigo
62%
Arsiero
62%
Valdastico
61%
Rotzo
61%
Tezze sul Brenta
61%
Creazzo
61%
Montebello Vicentino
61%
Foza
59%
Lastebasse
59%
Noventa Vicentina
59%
Cogollo del Cengio
59%
Pove del Grappa
59%
Enego
59%
Chiampo
58%
Monticello Conte Otto
58%
Rossano Veneto
58%
Valbrenta
58%
Pedemonte
56%
Posina
56%
Laghi
56%
Mussolente
56%
Recoaro Terme
56%
Santorso
56%
Grisignano di Zocco
56%
Montegalda
56%
Monte di Malo
56%
Montegaldella
56%
Zanè
55%
Castelgomberto
55%
Sossano
55%
Cassola
53%
Isola Vicentina
53%
Trissino
53%
Costabissara
53%
Montecchio Precalcino
53%
Albettone
53%
Torrebelvicino
52%
Lusiana Conco
52%
Monteviale
52%
Tonezza del Cimone
50%
Marano Vicentino
50%
Caltrano
50%
Velo d'Astico
50%
Sovizzo
50%
Crespadoro
48%
Brendola
48%
Barbarano Mossano
48%
Villaverla
48%
Colceresa
48%
Lugo di Vicenza
48%
Nanto
48%
Chiuppano
48%
Schiavon
47%
Cornedo Vicentino
45%
Sarcedo
45%
Cartigliano
45%
Montorso Vicentino
45%
Zugliano
44%
San Vito di Leguzzano
44%
Gambellara
44%
Pianezze
44%
Solagna
44%
Salcedo
42%
Carrè
42%
Altissimo
42%
Quinto Vicentino
39%
Bressanvido
39%
Orgiano
39%
San Pietro Mussolino
39%
Zovencedo
38%
Longare
36%
Calvene
35%
Nogarole Vicentino
35%
Pojana Maggiore
35%
Pozzoleone
35%
Agugliaro
35%
Grumolo delle Abbadesse
33%
Brogliano
32%
Fara Vicentino
32%
Asigliano Veneto
30%
Zermeghedo
30%
Val Liona
29%
Campiglia dei Berici
29%
Castegnero
27%
Sarego
24%
Alonte
23%
Villaga
21%
Nessun quiz corrispondente trovato
Distribuzione punteggi
Percentuale di utenti per punteggio
Percentile per numero di risposta
I tuoi punteggi nel tempo
Non hai fatto questo quiz